Les 50 pays les plus peuplés du monde - Statistiques

Statistiques générales
  • Ce quiz a été pris 338 fois
  • Le résultat moyen est 24 sur 50
Statistiques - réponses
Rang Continent Pays Population en millions % Correct
1 Asie Chine 1 382
100%
3 Amérique Etats-Unis 327
99%
2 Asie Inde 1 348
98%
6 Amérique Brésil 207
88%
9 Europe / Asie Russie 147
88%
4 Asie Indonésie 265
87%
11 Amérique Mexique 122
81%
7 Afrique Nigeria 187
79%
5 Asie Pakistan 208
77%
20 Europe France 67,6
74%
10 Asie Japon 127
73%
18 Europe Allemagne 82,9
72%
8 Asie Bangladesh 160
72%
21 Europe Royaume-Uni 65,3
70%
19 Europe / Asie Turquie 80,3
70%
23 Europe Italie 61,3
69%
12 Asie Philippines 103
63%
15 Afrique Egypte 90,4
62%
13 Afrique Ethiopie 102
61%
30 Europe Espagne 46,4
59%
16 Afrique R.D Congo 85
57%
14 Asie Viet Nam 91,7
55%
17 Asie Iran 82,8
53%
32 Europe Ukraine 42,8
53%
28 Amérique Colombie 48,6
52%
31 Amérique Argentine 43,6
49%
22 Asie Thailande 65,2
49%
35 Europe Pologne 38
45%
25 Afrique Afrique du Sud 55
43%
24 Afrique Tanzanie 55,2
42%
33 Afrique Algérie 41
37%
38 Amérique Canada 36,2
33%
27 Asie Corée du Sud 51,5
33%
26 Asie Birmanie 54,4
32%
29 Afrique Kenya 47,3
32%
41 Amérique Pérou 32,2
31%
34 Afrique Soudan 39,6
24%
44 Amérique Venezuela 30,2
24%
37 Asie Irak 36,6
22%
39 Afrique Maroc 33,7
19%
43 Asie Malaisie 30,4
18%
36 Afrique Ouganda 37,1
18%
45 Asie Arabie Saoudite 30,1
14%
40 Asie Afghanistan 32,6
13%
50 Afrique Angola 25,8
10%
47 Afrique Mozambique 27,2
9%
42 Asie Ouzbékistan 30,5
8%
48 Afrique Ghana 27
7%
46 Asie Népal 28
7%
49 Asie Yémen 26,2
7%
Aucun quiz correspondant
Distribution des résultats
% des personnes avec chaque résultat
Percentile par nombre de réponses
Votre historique - résultats
Vous n’avez pas pris ce quiz